[Event "Sydney International Open"]
[Site "*"]
[Date "2007.04.12"]
[Round "5.47"]
[White "Stojic, Svetozar"]
[Black "Stahnke, Alexander"]
[Result "1-0"]
[WhiteElo "1991"]
[BlackElo "1429"]
[PlyCount "59"]

1. e4 c5 2. Nf3 d6 3. d4 cxd4 4. Nxd4 Nf6 5. Nc3 g6 6. Be3 Bg7 7. f3 O-O 8. Qd2
Nc6 9. Bc4 Bd7 10. Nde2 Rc8 11. Bb3 a5 12. Bh6 Ne5 13. h4 b5 14. Bxg7 Kxg7 15.
h5 Nxh5 16. Ng3 h6 17. O-O-O Rh8 18. Nxh5+ gxh5 19. Rxh5 a4 20. Rdh1 axb3 21.
Rxh6 Qb6 22. Qg5+ Ng6 23. Nd5 Rxc2+ 24. Kb1 Qd4 25. Rxg6+ fxg6 26. Qxe7+ Kg8
27. Qd8+ Kf7 28. Qxd7+ Kg8 29. Qe8+ Kg7 30. Qxh8+ 1-0

[Event "Sydney International Open"]
[Site "*"]
[Date "2007.04.12"]
[Round "5.48"]
[White "Wu, Shirley"]
[Black "Selnes, Hamish"]
[Result "0-1"]
[WhiteElo "1502"]
[BlackElo "1976"]
[PlyCount "102"]

1. e4 c5 2. Nf3 Nc6 3. d4 cxd4 4. Nxd4 Nf6 5. Nc3 e5 6. Ndb5 d6 7. Bg5 a6 8.
Na3 b5 9. Nd5 Be7 10. Bxf6 Bxf6 11. c3 O-O 12. Be2 Bg5 13. O-O Ne7 14. Nc2 Nxd5
15. Qxd5 Be6 16. Qd3 d5 17. Bf3 dxe4 18. Qxe4 Qc7 19. Rfe1 f6 20. Nb4 a5 21.
Nd5 Qa7 22. a3 Rac8 23. Rad1 Rfd8 24. Bg4 Qf7 25. Bxe6 Qxe6 26. Ne3 Bxe3 27.
Qxe3 a4 28. Kf1 Qb3 29. Qe2 Kf8 30. Rd2 Rxd2 31. Qxd2 Qc4+ 32. Re2 Ke7 33. Ke1
Rd8 34. Qc2 Qd3 35. Rd2 Qxd2+ 36. Qxd2 Rxd2 37. Kxd2 Kd6 38. Kd3 Kd5 39. f3 f5
40. h3 e4+ 41. fxe4+ fxe4+ 42. Ke3 Kc4 43. Kxe4 Kb3 44. Kd4 Kxb2 45. Kc5 Kxa3
46. Kxb5 Kb3 47. c4 a3 48. c5 a2 49. c6 a1=Q 50. c7 Qa8 51. Kb6 Qc8 0-1

[Event "Sydney International Open"]
[Site "*"]
[Date "2007.04.12"]
[Round "5.49"]
[White "Caoili, Arianne B"]
[Black "Greenwood, Norman"]
[Result "1-0"]
[WhiteElo "2153"]
[BlackElo "1515"]
[PlyCount "59"]

1. d4 Nf6 2. Nf3 d5 3. c4 e6 4. Nc3 Bb4 5. Bg5 c5 6. dxc5 Bxc5 7. e3 O-O 8.
cxd5 exd5 9. Bxf6 Qxf6 10. Qxd5 Bb4 11. Qd4 Bxc3+ 12. bxc3 Qe7 13. Bd3 Nc6 14.
Qe4 g6 15. Qf4 Kg7 16. O-O Qf6 17. Qxf6+ Kxf6 18. Rfb1 Rb8 19. Nd4 Ne5 20. Be4
Nc4 21. Rb4 Na5 22. Rab1 b6 23. Nb5 a6 24. Nc7 b5 25. c4 Bf5 26. Bxf5 Kxf5 27.
Nxa6 Nc6 28. Nxb8 Nxb4 29. Rxb4 Rxb8 30. Rxb5+ 1-0

[Event "Sydney International Open"]
[Site "*"]
[Date "2007.04.12"]
[Round "5.50"]
[White "Smith, Vivian"]
[Black "Forster, William"]
[Result "0-1"]
[WhiteElo "1742"]
[BlackElo "1983"]
[PlyCount "92"]

1. e4 c5 2. Nc3 Nc6 3. f4 g6 4. Nf3 Bg7 5. Bc4 e6 6. O-O Nge7 7. d3 O-O 8. Bb3
Na5 9. Qe1 d5 10. f5 Nxb3 11. axb3 exf5 12. Qh4 d4 13. Ne2 Nc6 14. Bg5 f6 15.
Bh6 fxe4 16. dxe4 Qe7 17. Ng3 Bxh6 18. Qxh6 Qg7 19. Qf4 Be6 20. Qd6 Qe7 21. Qf4
a6 22. Qd2 Ne5 23. Nxe5 fxe5 24. Qh6 d3 25. c4 Qd6 26. Qd2 Rxf1+ 27. Rxf1 Rf8
28. Rxf8+ Kxf8 29. h3 b5 30. h4 bxc4 31. h5 Qe7 32. hxg6 hxg6 33. Qh6+ Qg7 34.
Qe3 Qe7 35. Qh6+ Ke8 36. Qxg6+ Kd7 37. Qh6 Qd6 38. Qd2 cxb3 39. Kh2 Qd4 40. Nh5
c4 41. Nf6+ Kc6 42. Qg5 Qb6 43. Qd2 Qd8 44. Nd5 Bxd5 45. Qh6+ Qd6 46. exd5+
Kxd5 0-1

[Event "Sydney International Open"]
[Site "*"]
[Date "2007.04.12"]
[Round "5.51"]
[White "Lo, Anthony"]
[Black "Holland, Dennis"]
[Result "1-0"]
[WhiteElo "1676"]
[BlackElo "1961"]
[PlyCount "65"]

1. d4 d5 2. Nf3 e6 3. Bf4 c5 4. e3 Qb6 5. b3 Nc6 6. c3 cxd4 7. exd4 Nf6 8. Bd3
h6 9. O-O g5 10. Be3 Ng4 11. Nbd2 f5 12. Nb1 Bg7 13. Re1 O-O 14. Bc1 Nxd4 15.
h3 Nxb3 16. axb3 Nxf2 17. Be3 Qxe3 18. Rxe3 Nxd1 19. Re2 Nxc3 20. Nxc3 Bxc3 21.
Rc1 d4 22. Ne5 Kg7 23. Bc4 Kf6 24. Ng4+ Kg7 25. Ne5 h5 26. Rd1 Kf6 27. Rf1 Rb8
28. g4 hxg4 29. Nxg4+ Kg7 30. Rxf5 d3 31. Rxg5+ Kh7 32. Rg2 d2 33. Nf6+ 1-0

[Event "Sydney International Open"]
[Site "*"]
[Date "2007.04.12"]
[Round "5.52"]
[White "Dickson, Ian C"]
[Black "Parker, Trent"]
[Result "1/2-1/2"]
[WhiteElo "1923"]
[BlackElo "1483"]
[PlyCount "92"]

1. Nf3 d5 2. c4 e6 3. g3 c6 4. b3 Nf6 5. Bb2 Nbd7 6. Bg2 Bd6 7. O-O O-O 8. d4
Ne4 9. Nc3 f5 10. Nxe4 fxe4 11. Ne5 Qc7 12. Nxd7 Bxd7 13. e3 Rf5 14. f3 Bxg3
15. hxg3 Qxg3 16. Qe1 Qg6 17. fxe4 Rg5 18. Qe2 Qxe4 19. Ba3 e5 20. Qf3 Qxf3 21.
Rxf3 exd4 22. exd4 h5 23. Be7 Rg6 24. Raf1 Kh7 25. c5 Re8 26. Bd6 h4 27. Kf2
Bg4 28. Re3 Be6 29. Rh1 Rf6+ 30. Rf3 Rh6 31. Bh3 g5 32. Bxe6 Rhxe6 33. Be5 Kg6
34. Kg2 g4 35. Rf4 Kg5 36. Rhf1 b6 37. Bf6+ Rxf6 38. Rxf6 h3+ 39. Kh2 Kh4 40.
Kh1 Re2 41. R6f2 Re3 42. Rf8 Rd3 43. Rh8+ Kg5 44. Rg8+ Kh4 45. Rh8+ Kg5 46.
Rg8+ Kh4 1/2-1/2

[Event "Sydney International Open"]
[Site "*"]
[Date "2007.04.12"]
[Round "5.53"]
[White "Ninchich, Milan"]
[Black "Mandla, Blair"]
[Result "0-1"]
[WhiteElo "1647"]
[BlackElo "1765"]
[PlyCount "76"]

1. e4 d5 2. exd5 Nf6 3. d4 Bg4 4. Be2 Bxe2 5. Qxe2 Qxd5 6. Nf3 e6 7. O-O Nc6 8.
c3 Bd6 9. Nbd2 Qh5 10. Re1 O-O-O 11. Nf1 Rhe8 12. Ng3 Bxg3 13. fxg3 e5 14. dxe5
Nxe5 15. Bf4 Nd3 16. Qf1 Qc5+ 17. Nd4 Nxe1 18. Rxe1 Rxe1 19. Qxe1 Nd5 20. Bd2
Qe7 21. Qf2 Nf6 22. Qf1 Qe4 23. h3 Rxd4 24. cxd4 Qxd4+ 25. Qf2 Qxf2+ 26. Kxf2
Ne4+ 27. Ke3 Nxd2 28. Kxd2 Kd7 29. Kd3 Kd6 30. Kd4 c5+ 31. Kc4 a6 32. a4 Kc6
33. a5 h5 34. b3 b5+ 35. axb6 Kxb6 36. b4 cxb4 37. Kxb4 a5+ 38. Ka4 f5 0-1

[Event "Sydney International Open"]
[Site "*"]
[Date "2007.04.12"]
[Round "5.54"]
[White "Ilic, Ilija"]
[Black "Guo, Emma"]
[Result "1-0"]
[WhiteElo "2170"]
[BlackElo "1543"]
[PlyCount "121"]

1. d4 Nf6 2. Nc3 g6 3. Bf4 d6 4. e4 Bg7 5. Qd2 c6 6. f3 Na6 7. Bxa6 bxa6 8.
Nge2 O-O 9. Bh6 Qb6 10. b3 c5 11. Bxg7 Kxg7 12. Na4 Qc7 13. dxc5 dxc5 14. Qc3
c4 15. Nb2 Be6 16. Nd4 Bd7 17. Ne2 Rfc8 18. b4 a5 19. bxa5 a6 20. O-O Rab8 21.
a4 Qc5+ 22. Kh1 Kg8 23. Rad1 Be8 24. Ra1 Rb4 25. Nf4 Qxa5 26. e5 Nd7 27. Nd5
Qxd5 28. Qxb4 Qxe5 29. Qa3 e6 30. Rfe1 Qf6 31. Nd1 Nb6 32. Qc3 Qh4 33. Re4 Qd8
34. a5 Nd5 35. Qd4 Qd6 36. Ne3 Bb5 37. Ng4 Qf8 38. Nf6+ Nxf6 39. Qxf6 Qb4 40.
Rd4 Rf8 41. Rd8 Rxd8 42. Qxd8+ Kg7 43. Qd4+ Kg8 44. h4 Ba4 45. c3 Qb3 46. Re1
Bb5 47. Re3 Qa3 48. Qd8+ Kg7 49. Kh2 Qc5 50. Qb6 Qa3 51. Kg3 Qe7 52. Re5 Qd7
53. Re4 Qd3 54. Qd4+ Qxd4 55. Rxd4 f5 56. Rd6 Kf7 57. Kf4 Ke7 58. Ke5 h6 59.
Rxe6+ Kf7 60. Rf6+ Kg7 61. h5 1-0

[Event "Sydney International Open"]
[Site "*"]
[Date "2007.04.12"]
[Round "5.55"]
[White "Karenlampi, Pirkka"]
[Black "Ross, Bill"]
[Result "1-0"]
[WhiteElo "2021"]
[BlackElo "1533"]
[PlyCount "39"]

1. e4 c5 2. Nf3 Nc6 3. d4 cxd4 4. Nxd4 Nf6 5. Nc3 e5 6. Ndb5 d6 7. Bg5 a6 8.
Na3 b5 9. Bxf6 gxf6 10. Nd5 Be6 11. c3 Bg7 12. Bd3 Ne7 13. O-O Nxd5 14. exd5
Bxd5 15. Bxb5+ axb5 16. Qxd5 O-O 17. Nxb5 Qb6 18. a4 Rfd8 19. b4 Rd7 20. Qxa8+
1-0

[Event "Sydney International Open"]
[Site "*"]
[Date "2007.04.12"]
[Round "5.56"]
[White "Davis, Tony J"]
[Black "Leong, Edward"]
[Result "1-0"]
[WhiteElo "1978"]
[BlackElo "1510"]
[PlyCount "77"]

1. d4 Nf6 2. Nc3 d5 3. Bg5 h6 4. Bh4 Nc6 5. Qd3 g6 6. f3 Bg7 7. O-O-O O-O 8. e4
dxe4 9. fxe4 e5 10. d5 Ne7 11. Nf3 Ne8 12. Bg3 f6 13. Be2 Nd6 14. h4 Bg4 15.
Bh2 Qc8 16. Rd2 Rd8 17. Ne1 Bxe2 18. Qxe2 c6 19. g4 g5 20. h5 c5 21. Bg1 a6 22.
Na4 c4 23. Nb6 Qc7 24. Nxa8 Rxa8 25. Rh3 b5 26. c3 a5 27. Nc2 Rb8 28. Qe3 Qb7
29. Re2 b4 30. Qa7 bxc3 31. Qxb7 Rxb7 32. Rxc3 Nec8 33. Ne3 Ne7 34. Nxc4 Nec8
35. Nxa5 Rb4 36. Rec2 Rxe4 37. Rxc8+ Nxc8 38. Rxc8+ Bf8 39. Bc5 1-0

[Event "Sydney International Open"]
[Site "*"]
[Date "2007.04.12"]
[Round "5.57"]
[White "Pickering, Anthony"]
[Black "Wettstein, Carla"]
[Result "1/2-1/2"]
[WhiteElo "1961"]
[BlackElo "1487"]
[PlyCount "44"]

1. d4 Nf6 2. c4 d6 3. Nc3 g6 4. Nf3 Bg7 5. g3 O-O 6. Bg2 c6 7. O-O Nbd7 8. Qc2
Re8 9. Rd1 Qc7 10. b3 Nf8 11. Bb2 d5 12. a3 Bf5 13. Qd2 Ne4 14. Qe3 Nxc3 15.
Qxc3 Be4 16. cxd5 Bxd5 17. Bh3 Ne6 18. Bxe6 Bxe6 19. Ng5 Qd7 20. e4 h6 21. Nxe6
Qxe6 22. Qc2 Rad8 1/2-1/2

[Event "Sydney International Open"]
[Site "*"]
[Date "2007.04.12"]
[Round "5.58"]
[White "Korenevski, Oleg"]
[Black "Kumar, Dhirendra"]
[Result "1/2-1/2"]
[WhiteElo "1933"]
[BlackElo "1314"]
[PlyCount "94"]

1. d4 d5 2. Nc3 Nf6 3. Bg5 e6 4. e3 Be7 5. Bd3 Bd7 6. Nf3 c5 7. O-O c4 8. Be2
b5 9. a3 h6 10. Bxf6 Bxf6 11. e4 Bc6 12. exd5 exd5 13. Ne5 Bxe5 14. dxe5 O-O
15. Qd4 Qb6 16. Rad1 Qxd4 17. Rxd4 Nd7 18. f4 Nb6 19. Bf3 Rad8 20. Rfd1 Rfe8
21. Nxd5 Nxd5 22. Bxd5 Bxd5 23. Rxd5 Rxd5 24. Rxd5 a6 25. Kf2 g6 26. Rd6 Re6
27. Rxe6 fxe6 28. Ke3 g5 29. g3 Kf7 30. Kd4 Kg6 31. fxg5 hxg5 32. g4 Kf7 33.
Kc5 Ke7 34. Kc6 Ke8 35. Kb6 Kd7 36. Kxa6 Kc6 37. Ka5 Kc5 38. b4+ cxb3 39. cxb3
Kd5 40. Kxb5 Kxe5 41. Kc5 Kf4 42. Kd4 e5+ 43. Kd3 Kf3 44. Kd2 Kf2 45. Kd3 Kf3
46. Kd2 Kf2 47. Kd3 Kf3 1/2-1/2

[Event "Sydney International Open"]
[Site "*"]
[Date "2007.06.12"]
[Round "5.59"]
[White "Evans, Carrie"]
[Black "Maroroa, Sue"]
[Result "1-0"]
[WhiteElo "1461"]
[BlackElo "1932"]
[PlyCount "49"]

1. c4 e5 2. Nc3 Nc6 3. g3 Bc5 4. Bg2 d6 5. e3 Bf5 6. d3 Qd7 7. a3 Nf6 8. Na4
Bb6 9. Nxb6 axb6 10. e4 Be6 11. Ne2 h6 12. Be3 O-O 13. O-O Rae8 14. Nc3 Nh7 15.
f4 Bh3 16. f5 Bxg2 17. Kxg2 Nf6 18. g4 Kh7 19. h4 g6 20. Bxh6 Nxg4 21. Qxg4
Kxh6 22. Qg5+ Kg7 23. Nd5 Rc8 24. Rh1 Nd4 25. f6+ 1-0

[Event "Sydney International Open"]
[Site "*"]
[Date "2007.04.12"]
[Round "5.60"]
[White "Kumar, Sanjesh"]
[Black "Reid, Vaness"]
[Result "0-1"]
[WhiteElo "1153"]
[BlackElo "1885"]
[PlyCount "86"]

1. e4 e6 2. d4 d5 3. Nc3 Nf6 4. Bg5 Be7 5. e5 Nfd7 6. Be3 c5 7. Nf3 Nc6 8. Bb5
Qc7 9. Bxc6 bxc6 10. O-O cxd4 11. Qxd4 c5 12. Qa4 d4 13. Nb5 Qb7 14. Bf4 O-O
15. Na3 Nb6 16. Qb3 Bd7 17. Qd3 Bc6 18. Kh1 Bxf3 19. Qxf3 Qxf3 20. gxf3 f6 21.
Kg2 fxe5 22. Bxe5 Nd7 23. Bg3 e5 24. Rfe1 Bd6 25. Nc4 Bc7 26. Bxe5 Nxe5 27.
Nxe5 Rf5 28. Ng4 h5 29. h3 hxg4 30. fxg4 Rf7 31. Red1 Re8 32. Rd2 Ba5 33. Rd3
Re2 34. Rf1 Rxc2 35. Rb3 Bb6 36. Kg3 c4 37. Rb4 d3 38. a3 Bxf2+ 39. Rxf2 Rfxf2
40. Kh4 d2 41. Kg5 d1=Q 42. Kg6 Qd6+ 43. Kh5 Qh6# 0-1

[Event "Sydney International Open"]
[Site "*"]
[Date "2007.04.12"]
[Round "5.61"]
[White "Nomat, Emil-Lion"]
[Black "Escalante, Lorenzo"]
[Result "0-1"]
[WhiteElo "1461"]
[BlackElo "1855"]
[PlyCount "50"]

1. e4 c5 2. Nf3 Nc6 3. c3 e6 4. d4 cxd4 5. cxd4 Nf6 6. e5 Bb4+ 7. Bd2 Nd5 8. a3
Qa5 9. Bxb4 Ncxb4 10. Nfd2 O-O 11. Nc3 Nc6 12. Nxd5 Qxd5 13. Nf3 f6 14. exf6
Rxf6 15. Qd2 b6 16. Be2 Bb7 17. Rc1 Raf8 18. Rc3 Rf4 19. Rd3 Ba6 20. g3 Rxf3
21. Rxf3 Rxf3 22. Bxa6 Nxd4 23. O-O Rxa3 24. Qc1 Nf3+ 25. Kg2 Ne1+ 0-1

[Event "Sydney International Open"]
[Site "*"]
[Date "2007.04.12"]
[Round "5.62"]
[White "Kumar, Karishma"]
[Black "Descallar, Levi"]
[Result "0-1"]
[WhiteElo "755"]
[BlackElo "1787"]
[PlyCount "118"]
[EventDate "2007.??.??"]

1. d4 d5 2. Nf3 Nf6 3. Bg5 e6 4. e3 c6 5. c4 Nbd7 6. Nc3 Qa5 7. a3 Ne4 8. Qd3
Nxg5 9. Nxg5 dxc4 10. Qxc4 Qxg5 11. Ne4 Qd5 12. Qc2 Be7 13. Bc4 Qa5+ 14. b4
Bxb4+ 15. Ke2 Qh5+ 16. f3 Be7 17. Rhc1 O-O 18. h3 Nf6 19. Nc3 Qg6 20. Qxg6 hxg6
21. Kf1 Nd5 22. Nd1 Bd7 23. Rab1 b6 24. e4 Nf6 25. g4 g5 26. Nc3 c5 27. dxc5
Bxc5 28. e5 Nd5 29. Nxd5 exd5 30. Bxd5 Rae8 31. Re1 Bd4 32. Ra1 {
Both players record this move as Ra2 and have played on from this position.} --
33. Ra2 Bxe5 34. a4 Bg3 35. Rd1 Be6 36. Bxe6 Rxe6 37. Kg2 Bf4 38. a5 Rfe8 39.
Kf2 bxa5 40. Rd7 Be3+ 41. Kf1 Bb6 42. Rd5 Re1+ 43. Kg2 f6 44. Kg3 Rg1+ 45. Kh2
Ree1 46. h4 Rh1+ 47. Kg3 Reg1+ 48. Rg2 gxh4+ 49. Kf4 Rxg2 50. Kf5 Re1 51. Kg6
Re5 52. Rxe5 fxe5 53. Kg5 h3 54. Kf5 h2 55. Kxe5 h1=Q 56. Kd5 Qd1+ 57. Ke5 Re2+
58. Kf5 Qd5+ 59. Kf4 Qe5# 0-1

[Event "Sydney International Open"]
[Site "*"]
[Date "2007.04.12"]
[Round "5.63"]
[White "Tankel, Alan"]
[Black "Tan, Justin"]
[Result "1-0"]
[WhiteElo "1780"]
[BlackElo "367"]
[PlyCount "73"]

1. d4 d5 2. c4 e6 3. Nc3 Nf6 4. Nf3 c6 5. e3 Nbd7 6. Qc2 Bd6 7. Bd2 dxc4 8.
Bxc4 b5 9. Bd3 O-O 10. Ne4 Nxe4 11. Bxe4 Nf6 12. Bxc6 Qc7 13. Rc1 Rb8 14. e4
Be7 15. O-O Bb7 16. Bxb7 Qxb7 17. Rfe1 Qa6 18. Qb3 Rbc8 19. Ne5 Rxc1 20. Bxc1
Rc8 21. f3 Bd6 22. Nd3 Qb6 23. Be3 Bb8 24. d5 Qc7 25. g3 exd5 26. Rc1 Qd7 27.
Rxc8+ Qxc8 28. exd5 Bd6 29. Qxb5 Qa8 30. Qc6 Qd8 31. Bxa7 Be7 32. Nf4 g5 33.
Bb6 Qb8 34. Nd3 Nxd5 35. Bc5 Bxc5+ 36. Qxc5 Nf6 37. Qxg5+ 1-0

[Event "Sydney International Open"]
[Site "*"]
[Date "2007.04.12"]
[Round "5.64"]
[White "Cvetkoski, Tode"]
[Black "Sweeney, Matthew"]
[Result "1-0"]
[WhiteElo "1705"]
[BlackElo "1267"]
[PlyCount "79"]

1. e4 d5 2. e5 f6 3. d4 c5 4. c3 Nc6 5. Bb5 c4 6. Bf4 a6 7. Ba4 Bf5 8. Nf3 Bd3
9. Bc2 Bxc2 10. Qxc2 Qb6 11. O-O O-O-O 12. b4 g6 13. a4 Bh6 14. Bg3 e6 15. exf6
Nxf6 16. Nbd2 Ne7 17. Ne5 Rhf8 18. h3 Bxd2 19. Qxd2 Ne4 20. Qc2 Nxg3 21. fxg3
Nc6 22. Nf3 Qc7 23. Kh2 Qg7 24. b5 Na5 25. Ng5 Rxf1 26. Rxf1 Qe7 27. Nf3 Rf8
28. Re1 axb5 29. axb5 Nb3 30. Qa2 Rf6 31. b6 Qd6 32. Qa8+ Qb8 33. Qa4 Kd8 34.
Ne5 Qc8 35. Qa3 h5 36. Qd6+ Ke8 37. Qc7 Qa8 38. Nd7 Kf7 39. Nxf6+ Kxf6 40. Rf1+
1-0

[Event "Sydney International Open"]
[Site "*"]
[Date "2007.04.12"]
[Round "5.65"]
[White "Anton, Sarah"]
[Black "Yu, Sally"]
[Result "1-0"]
[WhiteElo "754"]
[BlackElo "1697"]
[PlyCount "81"]

1. e4 e5 2. Nf3 Nc6 3. Bc4 Nf6 4. d3 Be7 5. c3 O-O 6. O-O d6 7. Bg5 Be6 8. Nbd2
h6 9. Bh4 Rb8 10. Bxe6 fxe6 11. h3 d5 12. Re1 Nd7 13. Bxe7 Qxe7 14. a3 Rbd8 15.
Qc2 Qf6 16. b4 Ne7 17. Re2 Ng6 18. g3 Rfe8 19. Rf1 Ndf8 20. Kg2 Nh7 21. h4 Ngf8
22. Rh1 Nd7 23. Nf1 Rf8 24. N1h2 Qg6 25. Rhe1 d4 26. c4 Rf7 27. Ng1 Rdf8 28. f3
Rf4 29. Rf2 Rxh4 30. Ne2 Qg5 31. Ref1 Rf6 32. Ng4 Rxg4 33. fxg4 Qxg4 34. Rxf6
Ndxf6 35. Ng1 Nh5 36. Qf2 Nf4+ 37. Kh1 Nxd3 38. Qf7+ Kh8 39. Qe8+ Nf8 40. Rxf8+
Kh7 41. Rh8# 1-0

[Event "Sydney International Open"]
[Site "*"]
[Date "2007.04.12"]
[Round "5.69"]
[White "Setiabudi, Allen"]
[Black "Ren, Jonathan"]
[Result "0-1"]
[WhiteElo "1476"]
[BlackElo "1337"]
[PlyCount "116"]

1. e4 c5 2. Nc3 e6 3. f4 Nc6 4. Nf3 Be7 5. Bb5 a6 6. Bxc6 bxc6 7. O-O d5 8. e5
c4 9. Qe1 g6 10. Kh1 Bf8 11. g4 Ne7 12. Nh4 Qd7 13. Na4 Qc7 14. b3 c5 15. bxc4
d4 16. Nb2 Qc6+ 17. Nf3 Bb7 18. Nd3 Nc8 19. f5 Nb6 20. fxe6 Qxe6 21. h3 Bg7 22.
Kg1 O-O 23. Nf4 Qxc4 24. Qh4 Bxf3 25. Rxf3 Bxe5 26. Nd3 Bg7 27. Ba3 Rfc8 28.
Raf1 Ra7 29. Qg5 h6 30. Qf4 Nd5 31. Qg3 Nb4 32. Nxb4 cxb4 33. Bb2 Qxa2 34. Rb3
Qa5 35. Qd6 Qc5 36. Qf4 d3+ 37. Kh2 Bxb2 38. Rxb2 dxc2 39. Rc1 Rb7 40. Qe4 Qf2+
41. Kh1 Qxd2 42. Rbxc2 Rxc2 43. Rxc2 Qd1+ 44. Kg2 b3 45. Rc8+ Kg7 46. Qxb7 Qe2+
47. Kg3 b2 48. Rb8 Qd3+ 49. Kf4 Qd4+ 50. Qe4 g5+ 51. Kf3 Qd1+ 52. Kf2 Qd2+ 53.
Qe2 Qf4+ 54. Ke1 Qxb8 55. Kf2 Qb6+ 56. Kg2 b1=Q 57. Qe5+ Qf6 58. Qxf6+ Kxf6 0-1

[Event "Sydney International Open"]
[Site "*"]
[Date "2007.04.12"]
[Round "5.70"]
[White "Tulic, Ido"]
[Black "Neegam, Gor"]
[Result "1-0"]
[WhiteElo "1450"]
[BlackElo "1641"]
[PlyCount "115"]

1. e4 c5 2. d3 d6 3. g3 Nf6 4. Bg5 e6 5. Nf3 a6 6. Bg2 Nbd7 7. O-O Be7 8. Re1
Qc7 9. Nbd2 b5 10. b3 e5 11. Nh4 h6 12. Be3 Bb7 13. Nf5 Bf8 14. c3 d5 15. exd5
Bxd5 16. Bxd5 Nxd5 17. Qg4 g6 18. Qf3 gxf5 19. Qxd5 Rd8 20. Bf4 Bg7 21. Nf3 f6
22. Qe6+ Kf8 23. Bd2 Re8 24. Qxf5 Qd6 25. Nh4 Qe6 26. Qg6 Qf7 27. Qf5 Qe6 28.
Ng6+ Kg8 29. Qxe6+ Rxe6 30. Nxh8 Bxh8 31. Bxh6 f5 32. Bf4 Re7 33. d4 cxd4 34.
cxd4 Kf7 35. dxe5 Nxe5 36. Rac1 Ke6 37. Bxe5 Bxe5 38. Rc5 Kd6 39. Rcxe5 Rxe5
40. Rxe5 Kxe5 41. h4 Kf6 42. Kg2 Kg7 43. Kf3 Kg6 44. Kf4 Kf6 45. f3 Kg6 46. g4
fxg4 47. fxg4 Kf6 48. h5 Kg7 49. g5 Kg8 50. Kf5 Kf7 51. h6 Kg8 52. Kg6 Kh8 53.
Kf6 Kg8 54. g6 Kh8 55. b4 Kg8 56. h7+ Kh8 57. Kf7 a5 58. g7+ 1-0

[Event "Sydney International Open"]
[Site "*"]
[Date "2007.04.12"]
[Round "5.71"]
[White "Watson, Jean"]
[Black "Tacorda, Ely"]
[Result "1-0"]
[WhiteElo "1234"]
[BlackElo "1500"]
[PlyCount "98"]

1. d4 d5 2. Nf3 e6 3. e3 Nc6 4. c4 Nf6 5. Be2 Be7 6. O-O O-O 7. b3 b6 8. Bb2
Nh5 9. Nc3 Re8 10. cxd5 exd5 11. Bb5 Bd7 12. Bxc6 Bxc6 13. Ne5 Bd7 14. Nxd7
Qxd7 15. Qxh5 Rf8 16. Nxd5 Bd8 17. Qf3 c6 18. Nc3 Rc8 19. Rfd1 f6 20. Rac1 Be7
21. h3 a6 22. Na4 Qb7 23. d5 c5 24. e4 b5 25. Nc3 Rcd8 26. Ne2 Qc7 27. Nf4 Qb7
28. Ne6 Qd7 29. Nxf8 Rxf8 30. Qe2 Qa7 31. d6 Bd8 32. Rd5 c4 33. bxc4 b4 34. c5
a5 35. Bd4 Qf7 36. Qb5 Qg6 37. Rf5 Re8 38. Qc4+ Qf7 39. Qxf7+ Kxf7 40. e5 Kg6
41. g4 Rf8 42. e6 Re8 43. Re1 a4 44. h4 h6 45. h5+ Kh7 46. c6 Rf8 47. e7 Re8
48. Kf1 g6 49. Rxf6 Rxe7 1-0

[Event "Sydney International Open"]
[Site "*"]
[Date "2007.04.13"]
[Round "6.8"]
[White "Chokshi, Manthan"]
[Black "Bakre, Tejas"]
[Result "0-1"]
[WhiteElo "2168"]
[BlackElo "2426"]
[PlyCount "72"]

1. e4 c5 2. Nf3 d6 3. d4 cxd4 4. Nxd4 Nf6 5. Nc3 Nc6 6. Bg5 e6 7. Qd2 Be7 8.
O-O-O O-O 9. Nb3 Qb6 10. Be3 Qc7 11. Be2 Rd8 12. f4 a6 13. g4 b5 14. g5 Nd7 15.
h4 b4 16. Nb1 d5 17. e5 a5 18. h5 a4 19. Nd4 Nxd4 20. Bxd4 Nc5 21. Bxc5 Bxc5
22. g6 fxg6 23. hxg6 h6 24. Rh3 Rb8 25. Bg4 b3 26. a3 bxc2 27. Qxc2 Qb6 28. Nc3
Be3+ 29. Kb1 Bxf4 30. Nxa4 Qa7 31. Qc6 Kh8 32. Rdh1 Bd7 33. Qc5 Qxa4 34. Qe7
Rxb2+ 35. Ka1 Ra2+ 36. Kxa2 Qc2+ 0-1

[Event "Sydney International Open"]
[Site "*"]
[Date "2007.04.13"]
[Round "6.9"]
[White "Toth, Andras"]
[Black "Oliver, Gareth"]
[Result "1/2-1/2"]
[WhiteElo "2408"]
[BlackElo "2110"]
[PlyCount "64"]

1. e4 c5 2. Nf3 d6 3. d4 cxd4 4. Nxd4 Nf6 5. Nc3 a6 6. Be2 e6 7. O-O Be7 8. f4
O-O 9. Kh1 Qc7 10. Be3 b5 11. a3 Bb7 12. Bf3 Nbd7 13. Qe2 Nc5 14. Bg1 Rfe8 15.
e5 dxe5 16. fxe5 Nd5 17. Bxd5 exd5 18. Nf3 Ne4 19. Qd3 Nxc3 20. bxc3 Rac8 21.
Bd4 h6 22. Rf2 Bc5 23. Raf1 Qe7 24. Bxc5 Rxc5 25. Nd4 Rc7 26. Rxf7 Qxf7 27.
Rxf7 Rxf7 28. Nf3 Rfe7 29. h3 Rc8 30. Qd4 Rc4 31. Qb6 Re4 32. Qd6 Kf7 1/2-1/2

[Event "Sydney International Open"]
[Site "*"]
[Date "2007.04.13"]
[Round "6.10"]
[White "Repplinger, Marc"]
[Black "Xie, George"]
[Result "0-1"]
[WhiteElo "2239"]
[BlackElo "2404"]
[PlyCount "58"]

1. f4 d5 2. Nf3 g6 3. e3 Bg7 4. Be2 Nh6 5. O-O O-O 6. d3 c6 7. c3 Qb6 8. Na3
Nd7 9. Kh1 Nf5 10. Nc2 Nd6 11. Nh4 e5 12. Qe1 exf4 13. exf4 Re8 14. Qf2 Nf6 15.
h3 c5 16. Ne3 d4 17. cxd4 cxd4 18. Ng4 Nd5 19. Bf3 Ne3 20. Re1 Bxg4 21. hxg4
Rac8 22. Bd1 Qb5 23. f5 Qxd3 24. Bxe3 dxe3 25. Qf3 Bf6 26. fxg6 Bxh4 27. gxf7+
Nxf7 28. Bb3 Qg6 29. Rf1 Bf2 0-1

[Event "Sydney International Open"]
[Site "*"]
[Date "2007.04.13"]
[Round "6.15"]
[White "Illingworth, Max"]
[Black "Smith, Robert W"]
[Result "0-1"]
[WhiteElo "2007"]
[BlackElo "2294"]
[PlyCount "136"]

1. d4 Nf6 2. c4 e6 3. Nc3 Bb4 4. e3 b6 5. Nge2 Ba6 6. a3 Bxc3+ 7. Nxc3 d5 8.
Qf3 c6 9. b3 O-O 10. Be2 Nbd7 11. Bb2 Rc8 12. O-O Re8 13. Rfd1 Qe7 14. Qg3 dxc4
15. bxc4 e5 16. Rac1 exd4 17. exd4 Qe6 18. Rd3 Bxc4 19. Re3 Bxe2 20. Rxe6 Rxe6
21. Re1 Bc4 22. Rxe6 Bxe6 23. h3 b5 24. Bc1 Ne8 25. Ne4 f6 26. Nc5 Nxc5 27.
dxc5 Rd8 28. Kh2 Kf7 29. Qh4 h6 30. Qb4 Rd7 31. Qa5 g5 32. Be3 Ng7 33. Qa6 Bd5
34. Qc8 Re7 35. Bd4 Ne6 36. Bc3 h5 37. Qh8 Ng7 38. Qh6 Re6 39. h4 g4 40. Bd4 a5
41. Bc3 a4 42. Bd2 g3+ 43. Kg1 gxf2+ 44. Kxf2 Re5 45. Be3 Rf5+ 46. Kg1 Ne6 47.
Qh7+ Ng7 48. Bd2 Be4 49. Qh8 Rxc5 50. Bh6 Ne6 51. Be3 Rd5 52. Bf2 Nf4 53. Qh6
Nxg2 54. Qc1 Rf5 55. Bg3 Rf3 56. Bf2 Nf4 57. Qd1 Nh3+ 58. Kh2 Nxf2 59. Qd7+ Kg6
60. Qe8+ Kf5 61. Qd7+ Ke5 62. Qe7+ Kd5 63. Qd7+ Kc4 64. Qf7+ Bd5 65. Qxh5 Kb3
66. Qh7 Kxa3 67. Qc2 Ng4+ 68. Kg1 Rf1+ 0-1

[Event "Sydney International Open"]
[Site "*"]
[Date "2007.04.13"]
[Round "6.16"]
[White "Chow, Samuel"]
[Black "Bernardino, Almario Marlon"]
[Result "1-0"]
[WhiteElo "2220"]
[BlackElo "2146"]
[PlyCount "61"]

1. c4 Nf6 2. Nc3 c5 3. g3 d5 4. cxd5 Nxd5 5. Bg2 Nc7 6. Nf3 Nc6 7. O-O e5 8. d3
Be7 9. Be3 O-O 10. Rc1 f6 11. Nd2 Nd4 12. Na4 b6 13. Bxa8 Nxa8 14. Bxd4 cxd4
15. Qc2 Bb7 16. f4 Kh8 17. fxe5 Qd5 18. Nf3 fxe5 19. Qb3 Qd6 20. Nd2 Rf4 21.
Ne4 Qg6 22. Qb5 h5 23. Qxe5 Rxe4 24. dxe4 Bg5 25. Qxd4 Bxc1 26. Rxc1 Bxe4 27.
Rc8+ Kh7 28. Qd8 Qg4 29. Qh8+ Kg6 30. Qe8+ Kh7 31. Rc4 1-0

[Event "Sydney International Open"]
[Site "*"]
[Date "2007.04.13"]
[Round "6.17"]
[White "Zvedeniouk, Ilia"]
[Black "Shipov, Sergei"]
[Result "1/2-1/2"]
[WhiteElo "2121"]
[BlackElo "2592"]
[PlyCount "109"]

1. e4 c5 2. c3 d5 3. exd5 Qxd5 4. d4 Nf6 5. Nf3 Bg4 6. Be2 e6 7. Na3 Nc6 8. O-O
cxd4 9. Nb5 Rc8 10. Nbxd4 Nxd4 11. Nxd4 Bxe2 12. Qxe2 Be7 13. Rd1 a6 14. a4 O-O
15. Bf4 Qe4 16. Qxe4 Nxe4 17. Nb3 Rfd8 18. Be3 f6 19. f3 Nxc3 20. Rxd8+ Bxd8
21. bxc3 Rxc3 22. Rd1 Bc7 23. Nc5 Rxe3 24. Kf2 Ra3 25. Nxe6 Bxh2 26. Rd7 Rxa4
27. Rxg7+ Kh8 28. Rxb7 Ra2+ 29. Kf1 h5 30. Rf7 Bg3 31. Rf8+ Kh7 32. Rf7+ Kg6
33. Rg7+ Kf5 34. Nd4+ Ke5 35. Rxg3 Kxd4 36. Rg8 a5 37. Rf8 Ke3 38. Re8+ Kf4 39.
Rh8 Ra1+ 40. Kf2 Ra2+ 41. Kf1 Kg5 42. Rg8+ Kf5 43. Rh8 Kg6 44. Rg8+ Kf7 45. Rh8
Kg6 46. Rg8+ Kh7 47. Ra8 a4 48. Kg1 a3 49. Kh2 Kg6 50. Kg3 Ra1 51. Ra6 Kg5 52.
Ra5+ f5 53. f4+ Kf6 54. Ra6+ Ke7 55. Kh4 1/2-1/2